000 00323nam a22001337a 4500
008 170619b xxu||||| |||| 00| 0 eng d
020 _a9781878379528
041 _aeng
080 _a32
100 _a32
101 _aSHP
245 _aPREVENTING VIOLENT STRATEGY FOR PREVENTIVE DIPLOMACY
_cLUND.M.S
942 _2udc
_cBK
999 _c18164
_d18164